000 00564nam a2200181Ia 4500
005 20250508152429.0
008 008 250505s9999 xx 000 0 eng d
037 _aTextual
040 _aFEDL
_beng
_cFEDL
041 _aeng
_2eng
084 _a658.310 2, ADA
_qFEDL
100 _aAdams J Stacy
_9761462
245 0 _aInterviewing procedures: A manual for survey interviewers
260 _aChapel Hill, USA
_bThe University of North Carolina Press
_c1958
300 _aviii,56p
942 _cTEXL
_h658.310 2, ADA
999 _c1336380
_d1336380